Un faccioso más... y algunos frailes menos
Сохранить в:
| Главный автор: | |
|---|---|
| Формат: | |
| Язык: | испанский |
| Опубликовано: |
Madrid
Alianza-Hernando
1977
|
| Серии: | Episodios Nacionales, 20. Segunda Serie
|
| Предметы: | |
| Метки: |
Добавить метку
Нет меток, Требуется 1-ая метка записи!
|
MARC
| LEADER | 00000nam a2200000 a 4500 | ||
|---|---|---|---|
| 001 | UCQ5421 | ||
| 003 | CL-VaPUC | ||
| 008 | 980925e19770000SP |||||||||||||||||spa|d | ||
| 082 | 0 | 4 | |a 863 |b PER |2 21 |
| 100 | 0 | |a Pérez Galdós, Benito |e author |9 318144 | |
| 245 | 1 | 3 | |a Un faccioso más... y algunos frailes menos |
| 300 | |a 206 p | ||
| 942 | |c BK | ||
| 945 | |d 19980925 00:00:00 |a crobeson | ||
| 260 | |a Madrid |b Alianza-Hernando |c 1977 | ||
| 650 | 0 | |a Novelas españolas |9 265052 | |
| 650 | 0 | |a Literatura española |9 306261 | |
| 583 | |a last modification |c 19980925 00:00:00 |k Rodrigo Vera | ||
| 490 | 0 | |a Episodios Nacionales, 20. Segunda Serie | |
| 999 | |c 275633 |d 275631 | ||
| 952 | |0 0 |1 0 |4 0 |6 863_000000000000000_PER_1977 |7 0 |8 A |9 312414 |a BIBEDU |b BIBEDU |d 2019-11-20 |i 1472496 |o 863 PER 1977 |p 1472496 |r 2019-11-20 |w 2019-11-20 |y BK |k LIT | ||